| 000 | 00372nam a2200145Ia 4500 | ||
|---|---|---|---|
| 008 | 230917s9999||||xx |||||||||||||| ||und|| | ||
| 040 |
_e117265 _aMAIN |
||
| 041 | _aEnglish | ||
| 082 | _a363.7 S439P | ||
| 100 | _aShukla, O P, ed. | ||
| 245 | 0 | _aPesticides, man and biosphere | |
| 260 |
_aNew Delhi _bAPH Publishing Corporation _c1998 |
||
| 300 | _a424 p. | ||
| 942 | _cBK | ||
| 999 |
_c101379 _d101379 |
||